Ανάπτυξη βιβλιοθήκης επίλυσης DNS ερωτημάτων με βάση τη φήμη = A retutation-driven DNS stub-resolver library : μεταπτυχιακή διατριβή

Ένας χρήστης χρησιμοποιεί το πρωτόκολλο DNS όταν δίνει ως είσοδο ένα όνομα χώρου (domain name) και λαμβάνει την αντίστοιχη διεύθυνση IP. Η συγκεκριμένη διαδικασία αντιστοιχίσης έχει κενά ασφαλείας. Ένας κακόβουλος χρήστης μπορεί να τα εκμεταλλευτεί και να αλλάξει γνήσιες διευθύνσεις IP με ψεύτικες τ...

Πλήρης περιγραφή

Αποθηκεύτηκε σε:
Λεπτομέρειες βιβλιογραφικής εγγραφής
Κύριος συγγραφέας: Ουσαντζόπουλος, Κωνσταντίνος
Συγγραφή απο Οργανισμό/Αρχή: Πανεπιστήμιο Αιγαίου. Σχολή Θετικών Επιστημών. Τμήμα Μηχανικών Πληροφοριακών και Επικοινωνιακών Συστημάτων. Π.Μ.Σ. Τεχνολογίες και Διοίκηση Πληροφοριακών και Επικοινωνιακών Συστημάτων
Μορφή: Thesis Βιβλίο
Γλώσσα:English
Δημοσίευση: 2017.
Θέματα:
Διαθέσιμο Online:http://hdl.handle.net/11610/23253
Ετικέτες: Προσθήκη ετικέτας
Δεν υπάρχουν, Καταχωρήστε ετικέτα πρώτοι!

MARC

LEADER 00000cam a2200000 a 4500
001 1/114457
008 170713s2017####gr | ||| |||| ||eng||
040 |a GR-MyUa  |b gre  |c GR-MyUa  |e AACR2 
041 0 |a eng 
082 7 |a 005.8   |2 (23)  
100 1 |a Ουσαντζόπουλος, Κωνσταντίνος. 
245 1 0 |a Ανάπτυξη βιβλιοθήκης επίλυσης DNS ερωτημάτων με βάση τη φήμη =   |b A retutation-driven DNS stub-resolver library : μεταπτυχιακή διατριβή /   |c Κωνσταντίνος Ουσαντζόπουλος ; επιβλέποντες καθηγητές Γεώργιος Καμπουράκης, Μάριος Αναγνωστόπουλος.  
260 |c 2017.  
300 |a viii, 47 σ. :   |b σχέδια, πιν. ;   |c 30 εκ. 
500 |a Μέλη της εξεταστικής επιτροπής: Γεώργιος Καμπουράκης, Μάριος Αναγνωστόπουλος, Κωνσταντίνου Ελισάβετ, Ριζομυλιώτης Παναγιώτης.  
502 |a Διατριβή (μεταπτυχιακή) - Πανεπιστήμιο Αιγαίου, Σάμος, 2017.  
504 |a Βιβλιογραφία: σ. 46-47.  
506 1 |a Διάθεση πλήρους κειμένου ;   |d Ενδοπανεπιστημιακή δημοσίευση.  
520 8 |a Ένας χρήστης χρησιμοποιεί το πρωτόκολλο DNS όταν δίνει ως είσοδο ένα όνομα χώρου (domain name) και λαμβάνει την αντίστοιχη διεύθυνση IP. Η συγκεκριμένη διαδικασία αντιστοιχίσης έχει κενά ασφαλείας. Ένας κακόβουλος χρήστης μπορεί να τα εκμεταλλευτεί και να αλλάξει γνήσιες διευθύνσεις IP με ψεύτικες της επιλογής του. Αυτή η επίθεση ονομάζεται επίθεση δηλητηρίασης προσωρινής μνήμης (cache poisoning). Μπορεί να πραγματοποιηθεί στο τελικό χρήστη ή σε έναν DNS αναλυτή (recursive DNS resolver), που στη συνέχεια με τη σειρά του θα τροφοδοτεί πολλαπλούς χρήστες με ψεύτικες και κακόβουλες διευθύνσεις IP. Ο σκοπός της παρούσας διπλωματικής εργασίας είναι η σχεδίαση και υλοποίηση μιας βιβλιοθήκης επίλυσης DNS ερωτημάτων με βάση την φήμη. Η βιβλιοθήκη στοχεύει στην επαλήθευση διευθύσεων IP που αναλύονται από ένα DNS ερώτημα. Για να επιτευχθεί αυτό, χρησιμοποιούνται τα πρωτόκολλα TLS και UDP. Ουσιαστικά, πραγματοποιείται σύγκριση των απαντήσεων DNS, από ελεγμένους δημόσιους αναδρομικούς εξυπηρετητές, με τις απαντήσεις του Ευρωπαϊκού καταχωρητή διευθύνσεων RIPE. Σε περίπτωση ασυμφωνίας των διευθύνσεων IP επαναλαμβάνεται το DNS ερώτημα σε διαφορετικό δημόσιο αναδρομικό εξυπηρετητή ονομάτων. Η βιβλιοθήκης επίλυσης DNS ερωτημάτων εφαρμόζεται στην πλευρά του τελικού χρήστη και δεν χρειάζονται τροποποιήσεις στο πρωτόκολλο DNS και στους αναδρομικούς εξυπηρετητές. Η χρήση του συνιστάται για σημαντικά ερωτήματα ονομάτων, όπως π.χ. ονόματα σχετικά με υπηρεσίες ebanking και προσφέρει ασφαλείς απαντήσεις με βασικό αντίτιμο τη καθυστέρηση στο χρόνο επίλυσης. Προστατεύει το τελικό χρήστη από επιθέσεις δηλητηρίασης προσωρινής μνήμης που συμβαίνουν σε αναδρομικούς εξυπηρετητές και από επιθέσεις παραποίηση στο τοπικό δίκτυο.  
650 0 |a Internet domain names. 
650 0 |a Computer networks  |x Security measures. 
650 0 |a Dissertations, Academic  |z Greece. 
700 1 |a Καμπουράκης, Γεώργιος,  |e dgs 
700 1 |a Αναγνωστόπουλος, Μάριος,  |e dgs 
710 2 |a Πανεπιστήμιο Αιγαίου.   |b Σχολή Θετικών Επιστημών.   |b Τμήμα Μηχανικών Πληροφοριακών και Επικοινωνιακών Συστημάτων.   |b Π.Μ.Σ. Τεχνολογίες και Διοίκηση Πληροφοριακών και Επικοινωνιακών Συστημάτων. 
852 |a INST  |b SAMOS  |c DIATR  |e 20170713  |h 005.8 ΟΥΣ  |p 005300044697  |q 005300044697  |t MTXE  |y 23 
856 |u http://hdl.handle.net/11610/23253 
924 |a Ουσαντζόπουλος  |b Κωνσταντίνος  |y Σάμος  |z 2017-05 
970 |a Κοσιέρης  |b Χρήστος  |z 13-07-2017